[Event "41st Olympiad Women 2014"]
[Site "Tromso NOR"]
[Date "2014.08.04"]
[Round "3.30"]
[Board "4"]
[White "Ramirez Gonzalez, Maria Jose"]
[Black "Dierckens, Sarah"]
[Result "1-0"]
[WhiteElo "1764"]
[BlackElo "1873"]
[WhiteTeam "Costa Rica"]
[BlackTeam "Belgium"]
[WhiteFideId "6503349"]
[BlackFideId "205745"]
[EventDate "2014.08.02"]

1. d4 Nf6 2. Nf3 c5 3. c3 e6 4. Bf4 Nc6 5. e3 Nh5 6. Bg5 Qb6 7. b3 h6 8. Bh4 g5
9. Nfd2 Ng7 10. Nc4 Qd8 11. Bg3 Nf5 12. Be5 Nxe5 13. Nxe5 d6 14. Bb5+ Ke7 15.
Nf3 cxd4 16. e4 Ng7 17. Qxd4 e5 18. Qd5 Qc7 19. O-O Be6 20. Qd1 Rd8 21. c4 a6
22. Ba4 Rb8 23. Qd3 f5 24. exf5 Bxf5 25. Qe2 Ne6 26. Nc3 Qa5 27. Nd5+ Kf7 28.
Nxe5+ Kg8 29. Nd7 b5 30. Nxb8 bxa4 31. Nc6 Qc5 32. Nce7+ Bxe7 33. Nxe7+ Kf7 34.
b4 Nf4 35. Qf3 Qe5 36. Rfe1 Qf6 37. Qb7 Ne2+ 38. Kf1 Qxe7 39. Qxe7+ Kxe7 40.
Rxe2+ Kd7 41. Rd1 Kc6 42. a3 Rd8 43. Re7 h5 44. Rd5 Bg6 45. f3 g4 46. Rg7 Bc2
47. fxg4 Be4 48. Rd4 d5 49. cxd5+ Bxd5 50. Kf2 hxg4 51. Rdxg4 Kb5 52. Rf4 Ba8
53. Rg5+ Kb6 54. Rf6+ Bc6 55. Rc5 1-0

[Event "41st Olympiad Women 2014"]
[Site "Tromso NOR"]
[Date "2014.08.04"]
[Round "3.31"]
[Board "1"]
[White "Matoussi, Amina"]
[Black "Colombo, Camila"]
[Result "0-1"]
[WhiteTitle "WFM"]
[BlackTitle "WIM"]
[WhiteElo "1747"]
[BlackElo "2107"]
[WhiteTeam "Tunisia"]
[BlackTeam "Uruguay"]
[WhiteFideId "5501164"]
[BlackFideId "3001822"]
[EventDate "2014.08.02"]

1. Nf3 g6 2. g3 Bg7 3. Bg2 e5 4. d3 Ne7 5. O-O h6 6. e4 O-O 7. Nc3 c6 8. d4 exd4
9. Nxd4 d6 10. h4 Nd7 11. Nf3 Nb6 12. Bf4 d5 13. Qc1 Kh7 14. exd5 Nexd5 15. Nxd5
Nxd5 16. Rd1 Nxf4 17. Rxd8 Ne2+ 18. Kf1 Nxc1 19. Rxf8 Bxf8 20. Rxc1 Bg7 21. c3
Be6 22. a3 Rd8 23. Ke1 Bd5 24. Kf1 a5 25. Re1 Be6 26. Kg1 Kg8 27. Bf1 Kf8 28.
Ne5 Bxe5 29. Rxe5 Rd1 30. Kg2 Bd5+ 31. f3 Bxf3+ 32. Kxf3 Rxf1+ 33. Kg2 Rd1 34.
Re2 Rd3 35. Kf2 h5 36. Kg2 a4 37. Kf2 Kg7 38. Kg2 Kf6 39. Rf2+ Kg7 40. Re2 b6
41. Rf2 b5 42. Re2 c5 43. Kf2 Kf6 44. Kg2 b4 45. Rf2+ Ke6 46. cxb4 cxb4 47. axb4
Rb3 48. Rd2 Rxb4 49. Kf3 Ke5 50. Ke3 Rb3+ 51. Kf2 Ke4 52. Re2+ Kd4 53. Rd2+ Kc4
54. Rc2+ Kd3 55. Re2 Rb6 56. Ke1 Re6 0-1

[Event "41st Olympiad Women 2014"]
[Site "Tromso NOR"]
[Date "2014.08.04"]
[Round "3.31"]
[Board "2"]
[White "de Leon, Patricia"]
[Black "Marzouk, Amira"]
[Result "1-0"]
[WhiteTitle "WFM"]
[BlackTitle "WCM"]
[WhiteElo "1921"]
[BlackElo "1669"]
[WhiteTeam "Uruguay"]
[BlackTeam "Tunisia"]
[WhiteFideId "3000273"]
[BlackFideId "5501148"]
[EventDate "2014.08.02"]

1. d4 Nf6 2. c4 e5 3. dxe5 Ng4 4. Nf3 Bc5 5. e3 Nc6 6. Nc3 Ngxe5 7. Nxe5 Nxe5 8.
Be2 O-O 9. O-O a5 10. Kh1 Re8 11. f4 Nc6 12. Bd3 Qh4 13. Nd5 Bb6 14. Bd2 d6 15.
Qe1 Qh5 16. Qg3 Qg4 17. Rf3 Ne7 18. Nxb6 cxb6 19. e4 Nc6 20. Qxg4 Bxg4 21. Rg3
Bd7 22. Bc3 f6 23. Bxf6 1-0

[Event "41st Olympiad Women 2014"]
[Site "Tromso NOR"]
[Date "2014.08.04"]
[Round "3.31"]
[Board "3"]
[White "Krifa, Najla"]
[Black "Larrea, Daniela"]
[Result "1/2-1/2"]
[WhiteTitle "WFM"]
[WhiteElo "1759"]
[BlackElo "1709"]
[WhiteTeam "Tunisia"]
[BlackTeam "Uruguay"]
[WhiteFideId "5501040"]
[BlackFideId "3003000"]
[EventDate "2014.08.02"]

1. e4 c5 2. Nc3 d6 3. Nge2 Nf6 4. d3 g6 5. g3 Bg7 6. Bg2 Nc6 7. O-O O-O 8. f4
Bg4 9. h3 Bxe2 10. Nxe2 Nd7 11. c3 Rc8 12. Be3 b5 13. Qd2 Nb6 14. f5 Ne5 15.
Rad1 c4 16. Bxb6 Qxb6+ 17. d4 Nd3 18. Nc1 Nxc1 19. Rxc1 b4 20. Kh2 a5 21. Rcd1
Rb8 22. Rf2 a4 23. Qc2 bxc3 24. bxc3 a3 25. Qa4 Ra8 26. Qxc4 Qa6 27. Qxa6 Rxa6
28. Rb1 Rc8 29. Rb3 Ra4 30. Bf1 Bh6 31. fxg6 hxg6 32. c4 Ra7 33. Rc2 Bg7 34. Rd2
Bh6 35. Rd1 Bg7 36. Rd2 Bh6 37. Rd1 Bg7 38. Rd2 Bh6 1/2-1/2

[Event "41st Olympiad Women 2014"]
[Site "Tromso NOR"]
[Date "2014.08.04"]
[Round "3.31"]
[Board "4"]
[White "Costa, Anaclara"]
[Black "Ben Said, Safa"]
[Result "0-1"]
[BlackTitle "WCM"]
[WhiteElo "1658"]
[BlackElo "1589"]
[WhiteTeam "Uruguay"]
[BlackTeam "Tunisia"]
[WhiteFideId "3005666"]
[BlackFideId "5503400"]
[EventDate "2014.08.02"]

1. d4 e6 2. e3 d5 3. Bd3 Nf6 4. Nd2 Nbd7 5. f4 c5 6. c3 Qb6 7. a4 Qc7 8. Nh3 g6
9. O-O Bd6 10. Qe2 O-O 11. g4 Nb6 12. Nf2 Bd7 13. a5 Nc8 14. Nf3 cxd4 15. cxd4
Ne7 16. Ne5 Nc6 17. h4 h5 18. Kh1 Nxg4 19. Nfxg4 hxg4 20. Qxg4 Nxe5 21. fxe5 Bb4
22. Bxg6 fxg6 23. Qxg6+ Kh8 24. Rg1 Bb5 25. Qxe6 Qh7 0-1

[Event "41st Olympiad Women 2014"]
[Site "Tromso NOR"]
[Date "2014.08.04"]
[Round "3.33"]
[Board "1"]
[White "Munguntuul, Batkhuyag"]
[Black "Menon Jayadev, Poornima"]
[Result "1-0"]
[WhiteTitle "IM"]
[BlackTitle "WFM"]
[WhiteElo "2410"]
[BlackElo "1935"]
[WhiteTeam "Mongolia"]
[BlackTeam "Ireland"]
[WhiteFideId "4900758"]
[BlackFideId "2501775"]
[EventDate "2014.08.02"]

1. d4 d5 2. g3 Nf6 3. Bg2 Bf5 4. Nf3 e6 5. O-O c5 6. c3 Nc6 7. Qa4 Bd6 8. c4 O-O
9. cxd5 exd5 10. Nc3 h6 11. Nb5 c4 12. Nxd6 Qxd6 13. Bf4 Qe7 14. Qd1 Qb4 15. Qc1
Rfe8 16. Re1 Qb6 17. Qc3 Ne4 18. Qc1 Nxd4 19. Be3 Nxf3+ 20. exf3 Nc5 21. Qc3 Qc6
22. Red1 Nd3 23. Qd4 Rad8 24. Rd2 a6 25. g4 Bg6 26. f4 f5 27. h3 fxg4 28. hxg4
Be4 29. f3 Bg6 30. f5 Bf7 31. Kh1 Qf6 32. Qxf6 gxf6 33. Bxh6 Kh7 34. g5 fxg5 35.
Bxg5 Rd6 36. Bf1 Ne1 37. Rh2+ Kg7 38. Be2 Nc2 39. Rg1 Kf8 40. Rh8+ Bg8 41. Bf4
Rdd8 42. Rhxg8+ Kf7 43. R1g7+ Kf6 44. Bg5+ Kxf5 45. Bxd8 Rxe2 46. Rf8+ Ke5 47.
Re7+ Kd4 48. Rxe2 Kd3 49. Rxc2 Kxc2 50. Bf6 b5 51. f4 Kd3 52. Re8 b4 53. f5 c3
54. bxc3 bxc3 55. Bxc3 Kxc3 56. f6 d4 57. f7 d3 58. f8=Q d2 59. Qc5+ Kd3 60.
Re3# 1-0

[Event "41st Olympiad Women 2014"]
[Site "Tromso NOR"]
[Date "2014.08.04"]
[Round "3.33"]
[Board "2"]
[White "Mirza, Diana"]
[Black "Bayarmaa, Bayarjargal"]
[Result "0-1"]
[BlackTitle "WFM"]
[WhiteElo "1734"]
[BlackElo "2109"]
[WhiteTeam "Ireland"]
[BlackTeam "Mongolia"]
[WhiteFideId "2503999"]
[BlackFideId "4900260"]
[EventDate "2014.08.02"]

1. e4 c5 2. Nf3 d6 3. c3 Nf6 4. Bd3 g6 5. O-O Bg7 6. h3 O-O 7. Bc2 Nc6 8. d4
cxd4 9. cxd4 a6 10. Nc3 Qc7 11. Bg5 e6 12. Qd2 Re8 13. Rac1 b5 14. Bb3 Qb8 15.
d5 Na5 16. dxe6 fxe6 17. Nd4 Nxb3 18. Nxb3 b4 19. Bxf6 Bxf6 20. Ne2 Qb6 21. Rfd1
Bb7 22. Rc4 a5 23. Qxd6 Qxd6 24. Rxd6 Bxb2 25. Ned4 Bxe4 26. Nxe6 Bb1 27. Nbd4
Bxa2 28. Rc2 Bxd4 29. Nxd4 b3 30. Rb2 a4 31. Nb5 a3 32. Nxa3 Rxa3 33. Rd1 Ra7
34. Ra1 Rc7 0-1

[Event "41st Olympiad Women 2014"]
[Site "Tromso NOR"]
[Date "2014.08.04"]
[Round "3.33"]
[Board "3"]
[White "Lkhamsuren, Uuganbayar"]
[Black "Lowry-O'Reilly, Hannah"]
[Result "1-0"]
[WhiteTitle "WFM"]
[BlackTitle "WFM"]
[WhiteElo "2125"]
[BlackElo "1731"]
[WhiteTeam "Mongolia"]
[BlackTeam "Ireland"]
[WhiteFideId "4901347"]
[BlackFideId "2501597"]
[EventDate "2014.08.02"]

1. d4 d5 2. c4 e6 3. Nf3 Nf6 4. g3 Be7 5. Bg2 dxc4 6. O-O O-O 7. Qc2 c6 8. Qxc4
Nbd7 9. Rd1 Qc7 10. Qc2 Bd6 11. Nbd2 c5 12. Nb3 cxd4 13. Qxc7 Bxc7 14. Nfxd4 a6
15. Bd2 Bb6 16. Rac1 e5 17. Nf5 Rb8 18. Bb4 Re8 19. Nd6 Rd8 20. Bh3 Ba7 21. Rd2
Nb6 22. Nxc8 Rxd2 23. Nxd2 Nxc8 24. Rxc8+ Rxc8 25. Bxc8 1-0

[Event "41st Olympiad Women 2014"]
[Site "Tromso NOR"]
[Date "2014.08.04"]
[Round "3.33"]
[Board "4"]
[White "Ui Laighleis, Gearoidin"]
[Black "Ankhchimeg, Bayanmunkh"]
[Result "0-1"]
[WhiteTitle "WCM"]
[BlackTitle "WIM"]
[WhiteElo "1830"]
[BlackElo "2123"]
[WhiteTeam "Ireland"]
[BlackTeam "Mongolia"]
[WhiteFideId "2501171"]
[BlackFideId "4900600"]
[EventDate "2014.08.02"]

1. d4 f5 2. Nc3 Nf6 3. Bg5 d5 4. Bxf6 exf6 5. e3 Be6 6. Bd3 Nc6 7. a3 Qd7 8.
Nge2 a6 9. Nf4 g6 10. Qf3 Ne7 11. b4 Bf7 12. h4 h5 13. Qd1 Nc8 14. Nb1 a5 15.
bxa5 Rxa5 16. Qd2 Ra4 17. Qe2 c6 18. c3 Bd6 19. Bc2 Ra5 20. Qd2 Qe7 21. Kd1 Bxa3
22. Nd3 Bc1 23. Qxc1 Rxa1 24. Qb2 Ra7 25. Nc5 O-O 26. Nd3 Nd6 27. Nf4 Nc4 28.
Qc1 Rfa8 29. Bb3 Ra1 30. Bxc4 dxc4 31. Ke2 R8a2+ 32. Kf3 Qe4+ 33. Kg3 g5 34.
hxg5 fxg5 35. Nxh5 Qg4+ 0-1

[Event "41st Olympiad Women 2014"]
[Site "Tromso NOR"]
[Date "2014.08.04"]
[Round "3.34"]
[Board "1"]
[White "Hazim Gonzalez, Elizabeth"]
[Black "Houska, Jovanka"]
[Result "0-1"]
[WhiteTitle "WCM"]
[BlackTitle "IM"]
[WhiteElo "1833"]
[BlackElo "2401"]
[WhiteTeam "Dominican Republic"]
[BlackTeam "England"]
[WhiteFideId "6400183"]
[BlackFideId "405094"]
[EventDate "2014.08.02"]

1. e4 c6 2. d4 d5 3. exd5 cxd5 4. Bd3 Nc6 5. c3 Nf6 6. Bf4 Bg4 7. Qb3 Qc8 8. Nd2
e6 9. Ngf3 Be7 10. O-O Bh5 11. Rfe1 Bg6 12. Bxg6 hxg6 13. Ne5 O-O 14. Re2 Nd7
15. Rae1 a6 16. Ndf3 b5 17. Qc2 Ncxe5 18. Nxe5 Nxe5 19. Bxe5 Qc4 20. b3 Qc6 21.
Rc1 Rfc8 22. Qd3 a5 23. h3 a4 24. c4 axb3 25. axb3 bxc4 26. bxc4 dxc4 27. Qe3
Qd5 28. Kh2 Ra3 29. Rc3 Rca8 30. Rb2 Ra2 31. Rb1 Bh4 32. g3 Bg5 33. Bf4 Bf6 34.
Be5 Bg5 35. Bf4 Be7 36. h4 Ra1 37. Rcc1 Rxb1 38. Rxb1 Ra3 39. Qe5 Qf3 40. Be3
Ra2 41. Kg1 c3 42. Qb8+ Kh7 43. Qb3 Ra3 44. Qc2 Bd6 45. Bc1 Ra6 46. Rb3 Rc6 47.
Be3 Bxg3 48. h5 e5 49. h6 gxh6 50. dxe5 Bxe5 0-1

[Event "41st Olympiad Women 2014"]
[Site "Tromso NOR"]
[Date "2014.08.04"]
[Round "3.34"]
[Board "2"]
[White "Maroroa, Sue"]
[Black "Jose Polanco, Kenia"]
[Result "1-0"]
[WhiteTitle "WIM"]
[BlackTitle "WCM"]
[WhiteElo "2120"]
[BlackElo "1918"]
[WhiteTeam "England"]
[BlackTeam "Dominican Republic"]
[WhiteFideId "4301498"]
[BlackFideId "6401074"]
[EventDate "2014.08.02"]

1. e4 c5 2. Nf3 Nc6 3. Bb5 Nd4 4. Nxd4 cxd4 5. O-O Qa5 6. Qh5 Qb6 7. Bc4 g6 8.
Qd5 e6 9. Qe5 f6 10. Qg3 Bd6 11. Qh3 Qc5 12. Na3 a6 13. Bd3 Bc7 14. c3 b6 15. b4
Qf8 16. Bb2 dxc3 17. Bxc3 e5 18. Rac1 Ne7 19. Bb2 Ra7 20. Qe3 h5 21. f4 exf4 22.
Rxf4 Bxf4 23. Qxf4 Nc6 24. Nc4 Ra8 25. Bxf6 d6 26. Nxb6 Bb7 27. Nxa8 Bxa8 28.
Bxa6 Kd7 29. Qg5 Qh6 30. b5 Nb4 31. Qxh6 Rxh6 32. Bc8+ Ke8 33. Be6 Bb7 34. Rc7
g5 35. Bd7+ Kf8 36. Bxg5 Rg6 37. h4 Bxe4 38. Rc4 1-0

[Event "41st Olympiad Women 2014"]
[Site "Tromso NOR"]
[Date "2014.08.04"]
[Round "3.34"]
[Board "3"]
[White "Villar Acevedo, Darlin Rocio"]
[Black "Chevannes, Sabrina L"]
[Result "0-1"]
[BlackTitle "WIM"]
[WhiteElo "1713"]
[BlackElo "2171"]
[WhiteTeam "Dominican Republic"]
[BlackTeam "England"]
[WhiteFideId "6405053"]
[BlackFideId "411280"]
[EventDate "2014.08.02"]

1. e4 g6 2. d4 Bg7 3. Nf3 d6 4. c3 Nf6 5. Bd3 c6 6. O-O O-O 7. h3 Qc7 8. Bf4
Nfd7 9. Qc1 e5 10. Bh6 Re8 11. Bxg7 Kxg7 12. Re1 Nf6 13. Nbd2 Nbd7 14. Nh2 Nf8
15. Ndf3 Qe7 16. Bc2 b6 17. Nf1 Nh5 18. d5 cxd5 19. exd5 Nf4 20. Ba4 Nd3 21. Qg5
Nxe1 22. Rxe1 Bd7 23. Qxe7 Rxe7 24. Bb3 Ree8 25. N3d2 Red8 26. Ne3 f5 27. g4 b5
28. f3 Kf6 29. h4 Bc8 30. Kf2 Nd7 31. g5+ Kg7 32. a4 Nc5 33. Bc2 bxa4 34. b4
axb3 35. Nxb3 Nxb3 36. Bxb3 Rb8 37. Ba4 Bd7 38. Bxd7 Rxd7 39. Re2 Rc7 40. Rc2
Rb3 41. Nd1 Rb1 42. Ne3 Rh1 43. Ng2 f4 44. c4 Rd1 45. Ra2 Rc1 46. Ra6 R7xc4 47.
Ne1 Rc7 48. Rxd6 Rd1 49. Rd8 Rcc1 50. Rd7+ Kf8 51. d6 Rxe1 52. Rxh7 Red1 0-1

[Event "41st Olympiad Women 2014"]
[Site "Tromso NOR"]
[Date "2014.08.04"]
[Round "3.34"]
[Board "4"]
[White "James, Ann-Marie"]
[Black "Diaz Cesar, Wilsaida Pieranlly"]
[Result "1/2-1/2"]
[WhiteTitle "WFM"]
[WhiteElo "2095"]
[BlackElo "1769"]
[WhiteTeam "England"]
[BlackTeam "Dominican Republic"]
[WhiteFideId "403644"]
[BlackFideId "6403557"]
[EventDate "2014.08.02"]

1. e4 c5 2. c3 d5 3. exd5 Qxd5 4. d4 cxd4 5. cxd4 Nf6 6. Nf3 e6 7. Bd3 Nc6 8.
O-O Be7 9. Nc3 Qd6 10. a3 O-O 11. Ne2 b6 12. Bf4 Qd8 13. Rc1 Bb7 14. Bb5 Qd5 15.
Nc3 Qf5 16. Bg3 Nd5 17. Nxd5 Qxd5 18. Bc4 Qd8 19. d5 exd5 20. Bxd5 Rc8 21. b4
Bf6 22. Qd2 Nd4 23. Rxc8 Nxf3+ 24. gxf3 Qxc8 25. Bxb7 Qxb7 26. Qf4 Qa6 27. Qe3
h6 28. Rd1 Qa4 29. Rd3 Re8 30. Qd2 Qc6 1/2-1/2

[Event "41st Olympiad Women 2014"]
[Site "Tromso NOR"]
[Date "2014.08.04"]
[Round "3.35"]
[Board "1"]
[White "De Blecourt, Sandra"]
[Black "Arakhamia-Grant, Ketevan"]
[Result "0-1"]
[WhiteTitle "WFM"]
[BlackTitle "GM"]
[WhiteElo "2122"]
[BlackElo "2394"]
[WhiteTeam "Denmark"]
[BlackTeam "Scotland"]
[WhiteFideId "1004948"]
[BlackFideId "13600168"]
[EventDate "2014.08.02"]

1. d4 Nf6 2. c4 g6 3. Nc3 Bg7 4. e4 d6 5. Bd3 O-O 6. Nge2 c5 7. d5 e6 8. O-O Ng4
9. Bc2 Ne5 10. b3 exd5 11. exd5 Re8 12. Bf4 f5 13. Qd2 Nf7 14. Be3 Nd7 15. Rae1
Nf6 16. h3 a6 17. Ng3 b5 18. Bf4 Bd7 19. Bd3 b4 20. Nce2 a5 21. Kh1 a4 22. Qc2
Ne5 23. Bg5 axb3 24. axb3 Nf7 25. Bd2 Ra7 26. Nf4 Ne5 27. Ne6 Bxe6 28. dxe6 Qa8
29. Bg5 Ra2 30. Qb1 Rxe6 31. Bxf5 gxf5 32. Qxf5 Qe8 33. f4 Nfd7 34. fxe5 Nxe5
35. Nh5 Rg6 36. Nf4 Qa8 37. Rg1 Rf2 38. Ref1 Rxf4 39. Bxf4 Rf6 40. Qg5 Qf8 41.
Bxe5 Rxf1 42. Bxg7 Rxg1+ 43. Kxg1 Qxg7 44. Qd5+ Qf7 45. Qxd6 Qa7 46. Qf6 Qa3 47.
Qf3 Qc1+ 48. Kh2 Qc3 49. h4 Kg7 50. Qg3+ Kf7 51. h5 Kf6 52. Qf4+ Kg7 53. h6+ Kg6
54. g4 Qc2+ 55. Kg3 Qxb3+ 56. Kh4 Qc3 57. Qd6+ Qf6+ 58. Qxf6+ Kxf6 59. Kh5 b3
60. g5+ Kf7 61. g6+ hxg6+ 62. Kg5 b2 0-1

[Event "41st Olympiad Women 2014"]
[Site "Tromso NOR"]
[Date "2014.08.04"]
[Round "3.35"]
[Board "2"]
[White "Bamber, Elaine"]
[Black "Guindy, Esmat"]
[Result "1-0"]
[WhiteTitle "WFM"]
[BlackTitle "WFM"]
[WhiteElo "2077"]
[BlackElo "2074"]
[WhiteTeam "Scotland"]
[BlackTeam "Denmark"]
[WhiteFideId "2401428"]
[BlackFideId "1401637"]
[EventDate "2014.08.02"]

1. e4 e6 2. b3 d5 3. Bb2 Nf6 4. e5 Nfd7 5. Qg4 c5 6. f4 Nc6 7. Nf3 g6 8. Nc3 a6
9. Ng5 Be7 10. h4 h5 11. Qg3 Bxg5 12. hxg5 Nd4 13. O-O-O b5 14. Qf2 Rf8 15. Bd3
Bb7 16. Rde1 Qb6 17. Nd1 Nc6 18. a3 O-O-O 19. g4 hxg4 20. Rh7 c4 21. Qxb6 Nxb6
22. Be2 g3 23. Rg1 d4 24. bxc4 bxc4 25. Rxg3 Na5 26. a4 Rd7 27. Ba3 Rfd8 28. Nb2
d3 29. cxd3 Nb3+ 30. Kd1 Nd4 31. a5 Nd5 32. Nxc4 Nxe2 33. Kxe2 Nxf4+ 34. Kd1
Rxd3 35. Rxd3 Rxd3 36. Rxf7 Bf3+ 37. Kc2 Be4 38. Rxf4 Rd4+ 39. Rxe4 1-0

[Event "41st Olympiad Women 2014"]
[Site "Tromso NOR"]
[Date "2014.08.04"]
[Round "3.35"]
[Board "3"]
[White "Frank-Nielsen, Marie"]
[Black "Groves, Carey"]
[Result "1-0"]
[WhiteTitle "WFM"]
[BlackTitle "WFM"]
[WhiteElo "1969"]
[BlackElo "2027"]
[WhiteTeam "Denmark"]
[BlackTeam "Scotland"]
[WhiteFideId "1409344"]
[BlackFideId "2401207"]
[EventDate "2014.08.02"]

1. e4 d6 2. d4 Nf6 3. Nc3 g6 4. h3 c6 5. Be3 Bg7 6. Nge2 Qa5 7. Ng3 h5 8. Bd3
Nbd7 9. O-O c5 10. dxc5 dxc5 11. f4 h4 12. Nge2 Nb6 13. e5 Nh5 14. Bb5+ Bd7 15.
Bxd7+ Nxd7 16. Qd3 e6 17. Ne4 Bf8 18. Rad1 Qc7 19. N2c3 a6 20. Rd2 Be7 21. Rfd1
O-O-O 22. Nd6+ Bxd6 23. Qxd6 Qxd6 24. Rxd6 Ng3 25. Bf2 Nf5 26. R6d2 b6 27. Na4
Ne7 28. Rxd7 1-0

[Event "41st Olympiad Women 2014"]
[Site "Tromso NOR"]
[Date "2014.08.04"]
[Round "3.35"]
[Board "4"]
[White "Durno, Joy"]
[Black "Olsen, Miriam F"]
[Result "1/2-1/2"]
[WhiteTitle "WFM"]
[WhiteElo "1862"]
[BlackElo "2019"]
[WhiteTeam "Scotland"]
[BlackTeam "Denmark"]
[WhiteFideId "2403501"]
[BlackFideId "1408259"]
[EventDate "2014.08.02"]

1. d4 Nf6 2. c4 e6 3. g3 d5 4. Nf3 Be7 5. Bg2 O-O 6. O-O dxc4 7. Qc2 a6 8. Qxc4
b5 9. Qc2 Bb7 10. Bd2 Be4 11. Qc1 Qc8 12. Nc3 Bb7 13. Qe1 Nbd7 14. Rc1 Qd8 15.
Qd1 Rc8 16. a3 c5 17. dxc5 Nxc5 18. Na2 Bd5 19. Nb4 Bb3 20. Qe1 Nfe4 21. Bf4 f6
22. Nd2 Nxd2 23. Bxd2 Qd6 24. Be3 a5 25. Bxc5 Rxc5 26. Nc6 Rxc1 27. Qxc1 Bd8 28.
Nxd8 Qxd8 29. Qc3 Bc4 30. Bf3 Rf7 31. b3 Bd5 32. Rd1 Rd7 33. Bxd5 Rxd5 34. Rxd5
Qxd5 35. e3 Qd1+ 36. Kg2 Qd5+ 37. Kg1 Qd1+ 38. Kg2 Qd5+ 39. Kg1 Qd1+ 1/2-1/2

[Event "41st Olympiad Women 2014"]
[Site "Tromso NOR"]
[Date "2014.08.04"]
[Round "3.36"]
[Board "1"]
[White "Vargas, Gabriela"]
[Black "Machlik, Monika"]
[Result "1-0"]
[WhiteTitle "WFM"]
[WhiteElo "2112"]
[BlackElo "2081"]
[WhiteTeam "Paraguay"]
[BlackTeam "Norway 2"]
[WhiteFideId "3700860"]
[BlackFideId "1513621"]
[EventDate "2014.08.02"]

1. d4 Nf6 2. Bg5 e6 3. Nf3 h6 4. Bh4 c5 5. e3 Nc6 6. c3 d5 7. Nbd2 Be7 8. Bd3
O-O 9. O-O b6 10. Ne5 Bb7 11. f4 Qc7 12. Bxf6 Bxf6 13. Qh5 Bxe5 14. fxe5 Qe7 15.
Rf2 Nb8 16. Raf1 Ba6 17. Bxa6 Nxa6 18. Rf6 Nc7 19. Qh4 Qd7 20. Rxh6 gxh6 21. Rf6
Qd8 22. Qxh6 Ne8 23. Nf3 Ng7 24. Ng5 1-0

[Event "41st Olympiad Women 2014"]
[Site "Tromso NOR"]
[Date "2014.08.04"]
[Round "3.36"]
[Board "2"]
[White "Gronnestad, Anita"]
[Black "Perez Rodriguez, Jennifer"]
[Result "0-1"]
[BlackTitle "WIM"]
[WhiteElo "1997"]
[BlackElo "2211"]
[WhiteTeam "Norway 2"]
[BlackTeam "Paraguay"]
[WhiteFideId "1502972"]
[BlackFideId "3507831"]
[EventDate "2014.08.02"]

1. d4 Nf6 2. Nf3 e6 3. c4 Bb4+ 4. Bd2 Qe7 5. Nc3 Bxc3 6. Bxc3 Ne4 7. Qc2 f5 8.
e3 b6 9. Bd3 Bb7 10. O-O O-O 11. Nd2 Nxc3 12. Qxc3 d6 13. e4 Nd7 14. Rae1 Qf6
15. c5 dxc5 16. exf5 exf5 17. Qb3+ Kh8 18. Bb5 Rad8 19. Qg3 c6 20. Bc4 b5 21.
Be6 cxd4 22. b4 Nb6 23. Qc7 Rb8 24. Nf3 c5 25. Qxc5 Bxf3 26. gxf3 Nc4 27. Bxc4
Rfc8 28. Qxa7 bxc4 29. Re7 c3 30. Rc7 Rd8 31. Qc5 Qg5+ 32. Kh1 Qf4 33. Rxg7
Qxf3+ 34. Rg2 Qe4 35. f3 Qe6 36. Qc7 Rg8 37. Rfg1 Rbc8 38. Rxg8+ Rxg8 39. Rxg8+
Kxg8 40. Qd8+ Kf7 41. Qc7+ Kg6 42. Qg3+ Kf6 43. Qh4+ Ke5 44. Qe1+ Kd5 45. Qf1
Qc6 46. Qh3 Qc8 47. Qxh7 c2 48. Qf7+ Qe6 49. Qb7+ Kc4 50. Qa6+ Qxa6 0-1

[Event "41st Olympiad Women 2014"]
[Site "Tromso NOR"]
[Date "2014.08.04"]
[Round "3.36"]
[Board "3"]
[White "Perez, Dalila"]
[Black "Jorgensen, Line Jin"]
[Result "0-1"]
[WhiteElo "1791"]
[BlackElo "1939"]
[WhiteTeam "Paraguay"]
[BlackTeam "Norway 2"]
[WhiteFideId "3702014"]
[BlackFideId "1505467"]
[EventDate "2014.08.02"]

1. d4 d5 2. c4 e6 3. Nf3 Be7 4. g3 Nf6 5. Bg2 O-O 6. O-O dxc4 7. Ne5 Nbd7 8.
Nxc4 c5 9. dxc5 Bxc5 10. Nc3 Nb6 11. Nxb6 Bxb6 12. Qxd8 Rxd8 13. Bg5 h6 14. Bxf6
gxf6 15. Rfd1 Rb8 16. Rac1 Kf8 17. Nb5 Ke7 18. Rxd8 Bxd8 19. Rc4 Bd7 20. Nc3 f5
21. a4 Bb6 22. Rh4 Rh8 23. Bxb7 Rb8 24. Bf3 Ba5 25. Rxh6 Rxb2 26. Nb5 Bd2 27.
Rh7 a6 28. Nc7 a5 29. Bh5 Bxa4 30. Bxf7 Kd6 31. Nxe6 Bc6 32. f3 Be3+ 33. Kf1 Bb5
34. Nf4 Rb1+ 35. Kg2 Rg1+ 36. Kh3 Bxf4 37. gxf4 Bxe2 38. Bh5 Bf1+ 39. Kh4 Rh1
40. Kg3 Bb5 41. Rh6+ Kc5 42. Rf6 a4 43. Rxf5+ Kb4 44. Bf7 a3 45. Rxb5+ Kxb5 46.
f5 Kc6 47. h4 Kd6 48. f4 Ke7 49. Bd5 Kf6 50. Kg2 Rd1 51. Be6 a2 0-1

[Event "41st Olympiad Women 2014"]
[Site "Tromso NOR"]
[Date "2014.08.04"]
[Round "3.36"]
[Board "4"]
[White "Machlik, Edit"]
[Black "Avalos, Leticia"]
[Result "1-0"]
[BlackTitle "WCM"]
[WhiteElo "1950"]
[BlackElo "1687"]
[WhiteTeam "Norway 2"]
[BlackTeam "Paraguay"]
[WhiteFideId "1513591"]
[BlackFideId "3702073"]
[EventDate "2014.08.02"]

1. d4 Nf6 2. c4 e6 3. Nc3 Bb4 4. Qc2 d5 5. a3 Bxc3+ 6. Qxc3 dxc4 7. Qxc4 b6 8.
Nf3 O-O 9. Bg5 Ba6 10. Qa4 Qd7 11. Qxd7 Nbxd7 12. Rc1 Rac8 13. Bxf6 Nxf6 14. Ne5
c5 15. dxc5 Ne4 16. c6 Rfd8 17. e3 Bxf1 18. Rxf1 f6 19. Nf3 Nc5 20. Ke2 Nd3 21.
Rc2 e5 22. b4 b5 23. Rd1 e4 24. Nd4 a6 25. f4 Kf7 26. Nb3 Rd6 27. Na5 Rc7 28.
Nb7 Rd5 29. Rdd2 Ke7 30. Nc5 Rxc6 31. Nxe4 Rxc2 32. Rxc2 f5 33. Ng5 h6 34. Nf3
Kd6 35. Rc8 Ke7 36. Rc7+ Kf8 37. Rc8+ Ke7 38. Rc7+ Kf8 39. Rc6 a5 40. bxa5 b4
41. axb4 Nxb4 42. Rb6 Na2 43. a6 Nc1+ 44. Kf2 Ra5 45. Ne5 Kg8 46. Nc6 Ra2+ 47.
Kf3 Nd3 48. Ne7+ Kh7 49. Nxf5 Rf2+ 50. Kg3 Ra2 51. Rb7 Rxa6 52. Rxg7+ Kh8 53.
Rg4 h5 54. Rg5 Ne1 55. Rxh5+ Kg8 56. Rg5+ Kf7 57. h4 Ra2 58. Kh3 Nd3 59. h5 Nf2+
60. Kh2 Ra1 61. Ng3 Ra6 62. Rf5+ Kg7 63. e4 Ng4+ 64. Kh3 Nf2+ 65. Kh4 Ra4 66.
Rg5+ Kh7 67. Re5 Nd3 68. Re7+ Kh8 69. Rf7 Ne1 70. Kg5 Nxg2 71. h6 Ra8 72. Nh5
Ne1 73. Nf6 Nf3+ 74. Kh5 Ra5+ 75. f5 1-0